| 000 | 00470nam a2200169 i 4500 | ||
|---|---|---|---|
| 001 | 21792 | ||
| 003 | ES-MaACL | ||
| 005 | 20230906152538.0 | ||
| 007 | t| | ||
| 008 | 021127s1971 sp ||||1| spa d | ||
| 100 | 1 |
_aAlmagro Huertas, Vicente. _920078 |
|
| 245 | 1 | 0 |
_aPolarografía / _cV. Almagro Huertas. |
| 250 | _a[1ª ed]. | ||
| 260 |
_aMadrid, etc. : _bAlhambra, _c1971. |
||
| 300 |
_aXII, 253 p., 4 lám : _bil. ; _c20 cm. |
||
| 852 |
_aES-MaACL _jC-39149 _bR.79586 |
||
| 999 |
_c21792 _d21792 |
||